000 00295nam a22001337a 4500
008 170508b xxu||||| |||| 00| 0 eng d
020 _a9780763777319
041 _aeng
080 _22ND
_a343.9
100 _a15
101 _aSHJ
245 _aCRIMINALITSTICS
_cGIRARD , J.E
942 _2udc
_cBK
999 _c12882
_d12882